00455cam a22001452 4500001001100000005001700011008004100028040001500069050001900084100003300103245009000136260003300226300001100259610003900270000000196120151217155814.0070329s xx 000 0 eng d aKABUcKABU 0aHE3418.5b.P381 aPatience, Kevin.@000015108910aSteam in East Africa :ba pictorial history of the railways in East Africa 1893-1976. aNairobi :bHeinemann,c1976. a127 p.20aEast African Railways.@0000151090